Gdańsk - Choix Multiples - Statistiques

Statistiques générales
  • Ce quiz a été pris 15 fois
  • Le résultat moyen est 6 sur 10
Statistiques - réponses
Question Réponse % Correct
Quel grand fleuve polonais vient se jeter dans la Baltique après avoir traversé Gdańsk ? La Vistule
93%
Nom allemand de Gdańsk. Dandzig
87%
Premier syndicat indépendant, créé en 1980 après une manifestation à Gdańsk. Quel est ce syndicat ? Solidarność
80%
Pour la production de quelle pierre précieuse Gdańsk, mais aussi les pays baltes et l'Oblast de Kaliningrad russe voisin, étaient-ils connus ? Ambre
73%
Route commerciale du Moyen Âge qui va de Novgorod en Russie à l'Angleterre, à laquelle Gdańsk a été une ville membre La Ligue Hanséatique / Hanse
67%
Quelle était la particularité de Gdańsk lors de l'invasion de la Pologne par l'Allemagne, évènement qui déclenchera la Seconde Guerre mondiale ? Elle fut directement rattachée à l'Allemagne sans avoir été envahie
53%
Quel célèbre quartier de Gdańsk est connu pour ses façades colorées et son architecture ? Stare Miasto
53%
Après quel traité le corridor, qui porte l'ancien nom de la ville, donne-t-il un accès à la mer à la Pologne de l'entre-deux-guerres ? Traité de Versaille
53%
Quel grand bâtiment de Gdańsk est considéré comme l'une des plus grandes églises en brique du monde ? La Basilique Sainte-Marie
20%
Quel est le surnom de Gdańsk, lié à son importance commerciale dans la Baltique ? La Reine de la Baltique
7%
Aucun quiz correspondant
Distribution des résultats
% des personnes avec chaque résultat
Percentile par nombre de réponses
Votre historique - résultats
Vous n’avez pas pris ce quiz